[Event "Sabaneta op-B 2nd"]
[Site "Sabaneta Antioquia"]
[Date "2023.07.03"]
[Round "8"]
[White "Noriega, Alith"]
[Black "Guerra Verano, Diana"]
[Result "0-1"]
[WhiteElo "1685"]
[BlackElo "1635"]
[PlyCount "42"]
[EventDate "2023.06.28"]
[EventType "swiss"]
[EventRounds "9"]
[EventCountry "COL"]
[SourceTitle "EXT 2024"]
[Source "ChessBase"]
[SourceDate "2023.10.10"]
[SourceVersion "1"]
[SourceVersionDate "2023.10.10"]
[SourceQuality "1"]

1. c4 Nf6 2. Nc3 e6 3. Nf3 d5 4. cxd5 exd5 5. e3 c6 6. b3 Bf5 7. Be2 Bd6 8. 0-0 Qc7 9. d4 0-0 10. Bb2 Re8 11. Bd3 Bxd3 12. Qxd3 Nbd7 13. Rac1 a6 14. Qf5 Re7 15. Rfe1 Rae8 16. Ne2 Ne4 17. Ng3 Ndf6 18. Nh4 Nxg3 19. hxg3 Ne4 20. Qf3 Re6 21. Qd1 Nxf2 0-1

[Event "Medellin Region 1601/1800"]
[Site "Medellin"]
[Date "2010.02.24"]
[Round "5.4"]
[White "Noriega, Alith"]
[Black "Medina, Julio C"]
[Result "1/2-1/2"]
[WhiteElo "1600"]
[BlackElo "1695"]
[PlyCount "29"]
[EventDate "2010.02.17"]
[EventType "swiss"]
[EventRounds "7"]
[EventCountry "COL"]
[SourceTitle "EXT 2024"]
[Source "ChessBase"]
[SourceDate "2023.10.10"]
[SourceVersion "1"]
[SourceVersionDate "2023.10.10"]
[SourceQuality "1"]

1. e4 c5 2. c4 Nc6 3. Nc3 g6 4. g3 Bg7 5. Nge2 d6 6. Bg2 e6 7. 0-0 Nge7 8. d3 0-0 9. Be3 Nd4 10. Qd2 Nec6 11. f4 a6 12. Rac1 Rb8 13. b3 Bd7 14. Kh1 h5 15. Ng1 1/2-1/2